000 00412nam a2200157Ia 4500
008 230917s9999||||xx |||||||||||||| ||und||
020 _cRS70
040 _e23135
_aMAIN
041 _aEnglish
082 _a330.122 D26P
100 _aDasgupta, A.K.
245 0 _aPhases of capitalism and economic theory and other essays
260 _aDelhi
_bOxford University Press
_c1983
300 _ax,167 p.
942 _cBK
999 _c44053
_d44053